000 00318nam a22001457a 4500
008 210322b ||||| |||| 00| 0 eng d
020 _a9780618054190
041 _aeng
080 _29th
_a070
082 _a070
100 _a39
101 _aMED
245 _aBroadcasting in America
_cHead, S. W
942 _2udc
_cBK
999 _c56645
_d56645